[Event "Oberliga Sued W 1415"]
[Site "Germany"]
[Date "2015.01.18"]
[Round "5.7"]
[White "Schmidt, Martin2222"]
[Black "Slany, Ralph"]
[Result "1/2-1/2"]
[WhiteElo "2095"]
[BlackElo "2074"]
[PlyCount "60"]
[EventDate "2014.09.21"]
[EventType "team-tourn"]
[EventRounds "9"]
[EventCountry "GER"]
[SourceTitle "EXT 2019"]
[Source "ChessBase"]
[SourceDate "2018.10.10"]
[SourceVersion "1"]
[SourceVersionDate "2018.10.10"]
[SourceQuality "1"]
[WhiteTeam "Saarbruecken SVG"]
[BlackTeam "Worms"]
[WhiteTeamCountry "GER"]
[BlackTeamCountry "GER"]

1. e4 Nc6 2. d4 e5 3. dxe5 Nxe5 4. Nf3 Nxf3+ 5. Qxf3 Qf6 6. Nd2 Bc5 7. Bc4 d6 8. 0-0 Be6 9. Qb3 0-0-0 10. Nf3 h6 11. e5 Qe7 12. exd6 Rxd6 13. Re1 Nf6 14. Bxe6+ Rxe6 15. Rxe6 Qxe6 16. Qxe6+ fxe6 17. Ne5 Nd7 18. Nd3 Bb6 19. a4 a6 20. Kf1 e5 21. Ke2 Kd8 22. Be3 Bxe3 23. Kxe3 Ke7 24. Re1 Re8 25. f4 Kf6 26. fxe5+ Nxe5 27. Rf1+ Ke6 28. Nxe5 Kxe5 29. Rf7 Ke6 30. Rf4 Kd5+ 1/2-1/2